Impacto de la crisis asiática en América Latina / (Registro nro. 8572)

Detalles MARC
000 -LEADER
fixed length control field 00893nam a2200217Ia 4500
003 - CONTROL NUMBER IDENTIFIER
control field OSt
005 - DATE AND TIME OF LATEST TRANSACTION
control field 20210913163128.0
008 - FIXED-LENGTH DATA ELEMENTS--GENERAL INFORMATION
fixed length control field 210310s1998 aw fr 000 0 spa d
040 ## - CATALOGING SOURCE
Original cataloging agency CO-JMCR
Transcribing agency CO-JMCR
041 0# - LANGUAGE CODE
Language code of text/sound track or separate title spa
082 04 - DEWEY DECIMAL CLASSIFICATION NUMBER
Classification number 330.95 /
Item number C733i
Edition number 23
110 2# - MAIN ENTRY--CORPORATE NAME
Corporate name or jurisdiction name as entry element Comisión Económica para América Latina y el Caribe
9 (RLIN) 3019
245 10 - TITLE STATEMENT
Title Impacto de la crisis asiática en América Latina /
Statement of responsibility, etc. Cepal
260 ## - PUBLICATION, DISTRIBUTION, ETC.
Place of publication, distribution, etc. Santiago de Chile :
Name of publisher, distributor, etc. Naciones Unidas,
Date of publication, distribution, etc. 1998
300 ## - PHYSICAL DESCRIPTION
Extent 60 páginas :
Other physical details ilustraciones y gráficas a blanco y negro ;
Dimensions 25 cm.
500 ## - GENERAL NOTE
General note Incluye notas a pie de página.
505 0# - FORMATTED CONTENTS NOTE
Formatted contents note La crisis en el este y sudeste y asiáticos -- Efectos de la crisis asiática sobre América Latina -- Lecciones de la crisis asiática para América Latina
650 14 - SUBJECT ADDED ENTRY--TOPICAL TERM
Topical term or geographic name entry element Crisis económica
9 (RLIN) 17664
Geographic subdivision Asia
651 #4 - SUBJECT ADDED ENTRY--GEOGRAPHIC NAME
Geographic name América Latina
General subdivision Política económica
9 (RLIN) 36232
942 ## - ADDED ENTRY ELEMENTS (KOHA)
Source of classification or shelving scheme Dewey Decimal Classification
Koha item type Books
Existencias
Withdrawn status Lost status Source of classification or shelving scheme Damaged status Not for loan Collection code Home library Current library Date acquired Source of acquisition Full call number Barcode Date last seen Copy number Koha item type
    Dewey Decimal Classification     Non-fiction Biblioteca Pública José María del Castillo y Rada Biblioteca Pública José María del Castillo y Rada 04/15/2018 Donación 330.95 / C733i 430006255 05/16/2024 Ej.1 Books